| 000 | 00621nam a2200205 a 4500 | ||
|---|---|---|---|
| 005 | 20230421063518.0 | ||
| 008 | 991125s1996 fr 000 0 eng u | ||
| 020 | _a9264152881 | ||
| 035 | _aUPN01000031912 | ||
| 049 | _aCG | ||
| 050 | 4 |
_aLB2301 _bI5.7 |
|
| 245 | 0 | 0 | _aInternationalisation of higher education. |
| 260 |
_aParís : _bOECD, _c1996. |
||
| 300 |
_a135 p. : _btablas |
||
| 440 | 0 | _aOECD documents | |
| 520 | _aA la cabeza de la portada: Centre for Educational Researchand Innovation | ||
| 650 | 7 |
_aEducación internacional _2 _97351 |
|
| 650 | 7 |
_aEducación superior _vCongresos _2 _97384 |
|
| 905 | _aLibro | ||
| 999 |
_c31912 _d31912 |
||